Física re-creativa : (Registro nro. 7701)
[ vista simple ]
| 000 -CABECERA | |
|---|---|
| Campo de control interno | 01945nam a2200253Ia 4500 |
| 008 - ELEMENTOS DE LONGITUD FIJA - INFORMACIÓN GENERAL | |
| Campo de control de longitud fija | 260220t2001||||xx |||||||||||||| ||spa|| |
| 040 ## - FUENTE DE CATALOGACIÓN | |
| Agencia de catalogación original | PY-SlUNAC |
| Idioma de catalogación | spa |
| Convenciones de descripción | rda |
| 041 ## - CÓDIGO DE IDIOMA | |
| Código de idioma para texto/pista de sonido o título separado | spa |
| 082 ## - NÚMERO DE CLASIFICACIÓN DECIMAL DEWEY | |
| Clasificación Decimal Dewey (CDD) | 530 |
| Clasificación Expansiva de Cutter (EC) | G386f |
| 100 ## - ASIENTO PRINCIPAL - NOMBRE PERSONAL | |
| Nombre personal | Gil, Salvador |
| Rol del autor | Autor |
| 245 #0 - TÍTULO | |
| Título | Física re-creativa : |
| Subtítulo | experimentos de física usando nuevas tecnologías / |
| Mención de responsabilidad | por Salvador Gil [Autor] y Eduardo Rodríguez [Autor] |
| 264 ## - PIE DE IMPRENTA | |
| Lugar | Buenos Aires : |
| Editorial | Prentice-Hall, |
| Año | ℗2001. |
| 300 ## - DESCRIPCIÓN FÍSICA | |
| Páginas | 1 volumen |
| 520 ## - NOTA DE RESUMEN | |
| Nota de resumen | En "Física re-creativa", Salvador Gil presenta una serie de experimentos innovadores que integran conceptos fundamentales de la física con el uso de nuevas tecnologías. El autor busca fomentar un aprendizaje activo y lúdico, proponiendo actividades que no solo ilustran principios físicos, sino que también estimulan la curiosidad y el pensamiento crítico de los estudiantes. A lo largo del libro, se abordan temas como la mecánica, la termodinámica y la electromagnetismo, utilizando herramientas tecnológicas contemporáneas para realizar demostraciones prácticas. Gil enfatiza la importancia de la experimentación en la enseñanza de la ciencia, sugiriendo que el uso de dispositivos modernos puede facilitar la comprensión de teorías complejas. Los experimentos son accesibles, permitiendo su realización en entornos educativos con recursos limitados, lo que democratiza el aprendizaje de la física. En resumen, "Física re-creativa" es un recurso valioso para educadores que buscan integrar la tecnología en la enseñanza de la ciencia, promoviendo así un enfoque más dinámico y participativo. |
| 653 ## - MATERIA - TÉRMINO TEMÁTICO NO CONTROLADO (PALABRAS CLAVE) | |
| Materia - término temático no controlado (palabras clave) | Ciencias físicas |
| 653 ## - MATERIA - TÉRMINO TEMÁTICO NO CONTROLADO (PALABRAS CLAVE) | |
| Materia - término temático no controlado (palabras clave) | Educación |
| 653 ## - MATERIA - TÉRMINO TEMÁTICO NO CONTROLADO (PALABRAS CLAVE) | |
| Materia - término temático no controlado (palabras clave) | Tecnologías de la información y la comunicación |
| 700 ## - ENTRADA SECUNDARIA - AUTOR PERSONAL | |
| Nombre personal | Rodríguez, Eduardo |
| Rol del autor | Autor |
| 942 ## - ELEMENTOS PERSONALIZADOS (KOHA) | |
| Fecha catalogación | 2026/02/17 |
| Tipo de documento | Libros |
| Fuente de Clasificacion | Colección | Ubicacion permanente | Biblioteca actual | Fecha de Ingreso a la Biblioteca | Origen de adquisición | Código de ubicación | Código de barras | Tipo de Item KOHA | Nota pública |
|---|---|---|---|---|---|---|---|---|---|
| Dewey Decimal Classification | Colección General (CG) | Biblioteca e Internet, Facultad de Ciencias Exactas y Naturales | Biblioteca e Internet, Facultad de Ciencias Exactas y Naturales | 02/20/2026 | Donación | 530 G386f | CG1061 | Libros | Material disponible en la Biblioteca e Intenet, Campus UNA, San Lorenzo. |


